Entry Personal Name
Number of records used in: 1
001 - CONTROL NUMBER
003 - CONTROL NUMBER IDENTIFIER
005 - DATE AND TIME OF LATEST TRANSACTION
- control field:
20230926113046.0
008 - FIXED-LENGTH DATA ELEMENTS
- fixed length control field:
881115n| azannaabn |a aaa
010 ## - LIBRARY OF CONGRESS CONTROL NUMBER
- LC control number:
n 88674502
035 ## - SYSTEM CONTROL NUMBER
- System control number:
(OCoLC)oca02403851
040 ## - CATALOGING SOURCE
- Original cataloging agency:
DLC
- Language of cataloging:
eng
- Transcribing agency:
DLC
- Modifying agency:
DLC
- Description conventions:
rda
- Modifying agency:
MdRoLAC
100 1# - HEADING--PERSONAL NAME
- Personal name:
Balakrishnan, R.
- Fuller form of name:
(Rangaswami)
372 ## - FIELD OF ACTIVITY
- Field of activity:
Mathematics
- Source of term:
lcsh
373 ## - ASSOCIATED GROUP
- Associated group:
University of Maryland at College Park
- Source of term:
naf
375 ## - GENDER
- Gender:
Males
- Source of term:
lcdgt
378 ## - FULLER FORM OF PERSONAL NAME
- Fuller form of personal name:
Rangaswami
400 1# - SEE FROM TRACING--PERSONAL NAME
- Personal name:
Balakrishnan, Rangaswami
670 ## - SOURCE DATA FOUND
- Source citation:
nuc88-125496: Author's A textbook of modern algebra, 1985
- Information found:
(hdg. on UPB rept.: Balakrishnan, R.; usage: R. Balakrishnan)
670 ## - SOURCE DATA FOUND
- Source citation:
A textbook of graph theory, 1999:
- Information found:
CIP t.p. (R. Balakrishnan)
670 ## - SOURCE DATA FOUND
- Source citation:
Email from R. Balakrishnan, May 25, 2012
- Information found:
(Rangaswami Balakrishnan)
670 ## - SOURCE DATA FOUND
- Source citation:
Discrete mathematics, graph algorithms, algebraic structures, coding theory, and cryptography, 2019:
- Information found:
ECIP t.p. (R. Balakrishnan) data view (R. Balakrishnan studied at the Annamalai University, India for his Honours degree. He got his Ph.D. degree at the University of Maryland, USA; coauthor for the books: A textbook of graph theory, Springer, second edition (2012) and Foundations of discrete mathematics with algorithms and programming, CRC Press (2018))
670 ## - SOURCE DATA FOUND
- Source citation:
Bharathidasan University, Dept. of Mathematics, viewed March 12, 2019
- Information found:
(Dr. R. Balakrishnan; B. Sc., 1957, M.A., 1959, mathematics, M. Sc., 1963, Annamalai University; Ph. D., 1968, University of Maryland; coauthor: A textbook of graph theory, Springer, second edition (2012))